000 01502nam a2200325 c 4500
003 BLK
005 20180422114019.0
008 180410b bul|||||r ||||||| ||bul||
010 _aKNG00172280000
040 _aBLK
041 _aBUL
_cBUL
080 _aНемска литература
_b821.112.2
_x-31
_z821.112.2-31
100 1 _aГерстекер, Фридрих
_eпърви автор
_953702
700 1 _aРадков, Веселин
_eпрев. от нем. с послесл.
_9366179
700 1 _aРусков, Никифор
_eил.
_9364263
139 _aГерстекер, Фридрих
_bГ 41
245 1 0 _aАрканзаски регулатори
_bРоман за живота в горите на Арканзас
_cФридрих Герстекер; прев. от нем. с послесл. Веселин Радков; ил. Никифор Русков.
257 _aDEU
260 София
_bОтечество
_c1986
300 _a351 с.
_bс ил., портр.
_c21 см
380 _aX
490 1 _aИзбрани книги за деца и юноши
500 _aОриг. загл. Die Regulatoren in Arkansas / Friedrich Gerstacker. - 100 117 тир.
600 1 4 _aГерстекер, Фридрих
_953702
852 _aЦб 145337
856 4 _qpdf
_u
856 4 _qpdf
_u
942 _cKNG
_n0
944 _aCR
_c26.02.2015
_l26.02.2015 - от С1,Р / 26.02.2015
_kКина_Георгиева
944 _aED
_c20.09.2017
_l26.02.2015 - от С1,Р / 26.02.2015
_kСевдалина_Василева
999 _c164736
_d164736